[Event "MAS-ch"]
[Site "Pontian"]
[Date "2024.04.23"]
[Round "5"]
[White "Akhramsyah, Aqil Ainuddin Naufa"]
[Black "Sabri, Mohd Saprin"]
[Result "1/2-1/2"]
[WhiteElo "1932"]
[BlackElo "1904"]
[PlyCount "107"]
[EventDate "2024.04.21"]
[EventType "swiss"]
[EventRounds "9"]
[EventCountry "MAS"]
[SourceTitle "EXT 2025"]
[Source "ChessBase"]
[SourceDate "2024.10.14"]
[SourceVersion "1"]
[SourceVersionDate "2024.10.14"]
[SourceQuality "1"]

1. e4 c5 2. b3 Nc6 3. Nf3 Nf6 4. Nc3 d6 5. Bb2 Bg4 6. h3 Bxf3 7. Qxf3 Nd4 8. Qd3 a6 9. 0-0-0 e6 10. g4 Be7 11. Kb1 0-0 12. f4 b5 13. Qe3 Nd7 14. Ne2 Nxe2 15. Bxe2 d5 16. exd5 exd5 17. Bf3 Nb6 18. Rhe1 Ra7 19. g5 Bd6 20. f5 Re7 21. Qg1 Rxe1 22. Rxe1 Re8 23. g6 hxg6 24. fxg6 fxg6 25. Rxe8+ Qxe8 26. b4 d4 27. Kc1 Kh7 28. Kd1 Qe5 29. bxc5 Bxc5 30. Qg4 Qf6 31. h4 Nc4 32. h5 g5 33. Qe4+ Kh6 34. Ba1 Ne5 35. Be2 Qf2 36. Bd3 Qf3+ 37. Qxf3 Nxf3 38. Be4 Ne5 39. c3 dxc3 40. Bxc3 Nc4 41. Bb7 a5 42. Ba6 Nd6 43. Bxa5 Kxh5 44. Bc7 b4 45. Bxd6 Bxd6 46. Ke2 Kg4 47. Kf2 Kf4 48. Kg2 g4 49. Bc4 g5 50. Be2 g3 51. Bc4 Ke4 52. Bb3 Kd3 53. Bg8 Kxd2 54. Bf7 1/2-1/2

[Event "MAS-ch"]
[Site "Pontian"]
[Date "2024.04.22"]
[Round "2"]
[White "Sabri, Mohd Saprin"]
[Black "Ishak, Mohd Hafizul"]
[Result "0-1"]
[WhiteElo "1904"]
[BlackElo "1774"]
[PlyCount "92"]
[EventDate "2024.04.21"]
[EventType "swiss"]
[EventRounds "9"]
[EventCountry "MAS"]
[SourceTitle "EXT 2025"]
[Source "ChessBase"]
[SourceDate "2024.10.14"]
[SourceVersion "1"]
[SourceVersionDate "2024.10.14"]
[SourceQuality "1"]

1. Nf3 d5 2. c4 e6 3. g3 Nf6 4. Bg2 d4 5. 0-0 c5 6. e3 Nc6 7. exd4 cxd4 8. d3 a5 9. Na3 Bxa3 10. bxa3 0-0 11. Re1 Re8 12. Ne5 Nxe5 13. Rxe5 Nd7 14. Rb5 Rb8 15. Rab1 b6 16. Bg5 f6 17. Bf4 e5 18. Bd5+ Kh8 19. Bd2 Ba6 20. R5b2 Qc7 21. Qh5 g6 22. Qh4 Bb7 23. Bxb7 Qxb7 24. Bxa5 Qf3 25. Bxb6 Qxd3 26. c5 Kg7 27. c6 Nxb6 28. c7 Rb7 29. Rc1 Qf3 30. Qh3 Qxa3 31. Rbc2 Nc8 32. Rc5 f5 33. Qh4 Rb1 34. Rxb1 Qxc5 35. Qd8 Qe7 36. Qd5 Qd6 37. Qb7 Qd7 38. Rb5 Re7 39. Rc5 d3 40. Rd5 Qxc7 41. Qb4 Rd7 42. Rxd7+ Qxd7 43. Qd2 Qd4 44. h4 Nd6 45. h5 Ne4 46. h6+ Kf6 0-1

[Event "Commonwealth-ch 2324"]
[Site "Melaka"]
[Date "2024.02.21"]
[Round "2"]
[White "Sabri, Mohd Saprin"]
[Black "Iniyan, Panneerseluam"]
[Result "0-1"]
[WhiteElo "1922"]
[BlackElo "2500"]
[PlyCount "64"]
[EventDate "2024.02.20"]
[EventType "swiss"]
[EventRounds "11"]
[EventCountry "MAS"]
[SourceTitle "EXT 2025"]
[Source "ChessBase"]
[SourceDate "2024.10.14"]
[SourceVersion "1"]
[SourceVersionDate "2024.10.14"]
[SourceQuality "1"]

1. Nf3 Nf6 2. c4 g6 3. g3 Bg7 4. Bg2 d5 5. cxd5 Nxd5 6. d4 c6 7. 0-0 Na6 8. Nc3 0-0 9. h3 Be6 10. Re1 h6 11. e4 Nb6 12. Kh2 Rc8 13. Bf1 Bc4 14. Bxc4 Nxc4 15. b3 Qa5 16. Qd3 Nd6 17. Bb2 c5 18. Nd5 Qd8 19. Qe2 cxd4 20. Nxd4 e6 21. Ne3 Nxe4 22. Red1 Qe7 23. Nc4 Nec5 24. Nb5 Bxb2 25. Qxb2 b6 26. Ne5 Nb4 27. Qd2 Ne4 28. Qf4 Qf6 29. Qxf6 Nxf6 30. Nxa7 Rc2 31. Kg1 Ra8 32. Nb5 Rc5 0-1

[Event "Shah Alam"]
[Site "Shah Alam"]
[Date "2016.01.31"]
[Round "4"]
[White "Sabri, Mohd Saprin"]
[Black "Wahiduddin, Kamalarifin"]
[Result "1/2-1/2"]
[WhiteElo "2037"]
[BlackElo "2119"]
[PlyCount "121"]
[EventDate "2016.01.23"]
[EventType "tourn"]
[EventRounds "5"]
[EventCountry "MAS"]
[SourceTitle "EXT 2017"]
[Source "ChessBase"]
[SourceDate "2016.10.25"]
[SourceVersion "1"]
[SourceVersionDate "2016.10.25"]
[SourceQuality "1"]

1. Nf3 d5 2. c4 Nc6 3. cxd5 Qxd5 4. Nc3 Qd6 5. d4 e5 6. d5 Nce7 7. e4 a6 8. Qa4+ Bd7 9. Bb5 Ng6 10. 0-0 Rd8 11. Bxd7+ Qxd7 12. Be3 Nf6 13. Qxd7+ Rxd7 14. h3 Bd6 15. Rac1 0-0 16. Nd2 b5 17. f3 Nh5 18. Ne2 Nhf4 19. Nxf4 exf4 20. Bc5 Ne5 21. Bxd6 cxd6 22. Rc3 g6 23. Rfc1 Kg7 24. Kf1 Kf6 25. Ke2 Re8 26. Ra3 Ra8 27. Rac3 h5 28. R1c2 g5 29. Rc8 Rd8 30. Rxa8 Rxa8 31. Rc7 g4 32. hxg4 hxg4 33. fxg4 Rg8 34. Nf3 Rxg4 35. Nxe5 Kxe5 36. Re7+ Kf6 37. Ra7 Ke5 38. Re7+ Kf6 39. Rd7 Rxg2+ 40. Kf3 Rxb2 41. Rxd6+ Ke5 42. Rxa6 Rd2 43. Ra8 Rd3+ 44. Kg2 Re3 45. Kf2 Kxe4 46. d6 Rd3 47. Re8+ Kf5 48. Rb8 Rxd6 49. Rxb5+ Kg4 50. Rb2 Ra6 51. Kg1 Ra3 52. Rg2+ Kf3 53. Rb2 Ra4 54. Rb3+ Kg4 55. a3 Rc4 56. Rb2 Rc1+ 57. Kg2 Ra1 58. Rb8 Ra2+ 59. Kg1 Ra1+ 60. Kg2 Rxa3 61. Rb2 1/2-1/2

[Event "Asia-ch Amateur"]
[Site "Bandar Seri Begawan"]
[Date "2015.09.11"]
[Round "8"]
[White "Sabri, Mohd Saprin"]
[Black "Shyam Sundar, T."]
[Result "1/2-1/2"]
[WhiteElo "2071"]
[BlackElo "1762"]
[PlyCount "67"]
[EventDate "2015.09.07"]
[EventType "swiss"]
[EventRounds "9"]
[EventCountry "BRN"]
[SourceTitle "EXT 2016"]
[Source "ChessBase"]
[SourceDate "2015.10.08"]
[SourceVersion "1"]
[SourceVersionDate "2015.10.08"]
[SourceQuality "1"]

1. e4 c6 2. d4 d5 3. exd5 cxd5 4. c4 Nf6 5. Nc3 Nc6 6. Bf4 Be6 7. c5 g6 8. h3 Bg7 9. Nf3 0-0 10. Bb5 Ne4 11. 0-0 Rc8 12. Re1 Nxc3 13. bxc3 Qa5 14. Qa4 Qxa4 15. Bxa4 b6 16. cxb6 axb6 17. Rab1 Na5 18. Rxe6 fxe6 19. Bd7 Rxc3 20. Bxe6+ Kh8 21. Bd2 Rc2 22. Bxa5 bxa5 23. Bxd5 Rxf3 24. gxf3 Bxd4 25. Rf1 g5 26. Kg2 Kg7 27. Kg3 Rd2 28. Bc4 h5 29. a4 h4+ 30. Kg4 Kf6 31. f4 gxf4 32. Kxf4 Rxf2+ 33. Rxf2 Bxf2 34. Ke4 1/2-1/2

[Event "Asia Cities-ch 19th"]
[Site "Kalutara "]
[Date "2015.07.25"]
[Round "6"]
[White "Sabri, Mohd Saprin"]
[Black "Battulga, Namkhai"]
[Result "0-1"]
[WhiteElo "2089"]
[BlackElo "2387"]
[PlyCount "66"]
[EventDate "2015.07.22"]
[EventType "team-tourn"]
[EventRounds "9"]
[EventCountry "SRI"]
[SourceTitle "EXT 2020"]
[Source "ChessBase"]
[SourceDate "2019.10.17"]
[SourceVersion "1"]
[SourceVersionDate "2019.10.17"]
[SourceQuality "1"]
[WhiteTeam "Shah Alam"]
[BlackTeam "Erdenet"]
[WhiteTeamCountry "MAS"]
[BlackTeamCountry "MGL"]

1. Nf3 d5 2. c4 c6 3. b3 Nf6 4. Bb2 Nbd7 5. d3 e6 6. Nbd2 Bd6 7. g3 0-0 8. Bg2 e5 9. cxd5 cxd5 10. e4 Nc5 11. Qe2 d4 12. Nc4 Bg4 13. 0-0 b5 14. Nxd6 Qxd6 15. h3 Bxf3 16. Qxf3 a5 17. Qe2 b4 18. f4 Nfd7 19. Bc1 a4 20. bxa4 Nxa4 21. fxe5 Nxe5 22. Bf4 Nc3 23. Qb2 Ra4 24. Bxe5 Qxe5 25. Kh2 Rb8 26. Rf5 Qe6 27. Qf2 Qd7 28. Qf4 Rf8 29. Re1 Rxa2 30. e5 Qd5 31. Qf1 b3 32. Re2 Rxe2 33. Qxe2 Qe6 0-1

[Event "Asia Cities-ch 19th"]
[Site "Kalutara "]
[Date "2015.07.25"]
[Round "5"]
[White "Suni, Syairazi"]
[Black "Sabri, Mohd Saprin"]
[Result "0-1"]
[WhiteElo "1943"]
[BlackElo "2089"]
[PlyCount "62"]
[EventDate "2015.07.22"]
[EventType "team-tourn"]
[EventRounds "9"]
[EventCountry "SRI"]
[SourceTitle "EXT 2020"]
[Source "ChessBase"]
[SourceDate "2019.10.17"]
[SourceVersion "1"]
[SourceVersionDate "2019.10.17"]
[SourceQuality "1"]
[WhiteTeam "Bandar Seri Begawan"]
[BlackTeam "Shah Alam"]
[WhiteTeamCountry "BRN"]
[BlackTeamCountry "MAS"]

1. e4 c5 2. Nf3 d6 3. Bb5+ Bd7 4. Bxd7+ Qxd7 5. d3 g6 6. c4 Nc6 7. Nc3 Bg7 8. 0-0 e6 9. Re1 Nge7 10. Rb1 0-0 11. Be3 Nd4 12. Qd2 d5 13. exd5 exd5 14. Bxd4 cxd4 15. Nb5 dxc4 16. dxc4 Nc6 17. b4 a6 18. Na3 b6 19. Rbd1 Rfd8 20. Nc2 b5 21. c5 d3 22. Ne3 a5 23. a3 axb4 24. axb4 Ra3 25. Rc1 Rb3 26. Rb1 Bc3 27. Rxb3 Bxd2 28. Nxd2 Ra8 29. g3 Qd4 30. Kf1 Ra2 31. Ne4 Nxb4 0-1

[Event "Asia Cities-ch 19th"]
[Site "Kalutara "]
[Date "2015.07.24"]
[Round "4"]
[White "Sabri, Mohd Saprin"]
[Black "Ashraf, Ahmed Ramadan"]
[Result "0-1"]
[WhiteElo "2089"]
[BlackElo "1837"]
[PlyCount "118"]
[EventDate "2015.07.22"]
[EventType "team-tourn"]
[EventRounds "9"]
[EventCountry "SRI"]
[SourceTitle "EXT 2020"]
[Source "ChessBase"]
[SourceDate "2019.10.17"]
[SourceVersion "1"]
[SourceVersionDate "2019.10.17"]
[SourceQuality "1"]
[WhiteTeam "Shah Alam"]
[BlackTeam "Male"]
[WhiteTeamCountry "MAS"]
[BlackTeamCountry "MDV"]

1. Nf3 Nf6 2. c4 e6 3. g3 Be7 4. Bg2 d5 5. b3 c6 6. d3 Nbd7 7. Bb2 dxc4 8. bxc4 Rb8 9. Nbd2 Qc7 10. Rc1 Qa5 11. Rc2 h5 12. h3 a6 13. Qa1 Bd6 14. 0-0 Qc7 15. e4 e5 16. c5 Be7 17. Nc4 Bxc5 18. Ncxe5 Be7 19. Nxd7 Nxd7 20. Bxg7 Rg8 21. Bh6 Qa5 22. Bf4 Ra8 23. h4 Nc5 24. Qe5 Qb4 25. Rc4 Nxd3 26. Qd4 Nxf4 27. Rxb4 Ne2+ 28. Kh2 Nxd4 29. Rxd4 Be6 30. Rd2 c5 31. Ng5 Bxg5 32. hxg5 Rxg5 33. f4 Rg8 34. e5 Rb8 35. f5 Bc4 36. Rc1 b5 37. f6 Rg4 38. Bd5 Bxd5 39. Rxd5 c4 40. Rcd1 Re4 41. e6 Rxe6 42. Rxh5 Rxf6 43. Rh8+ Ke7 44. Rxb8 Rf2+ 45. Kh3 Rxa2 46. Rb7+ Ke6 47. Rc7 Ra3 48. Kg4 c3 49. Rd3 b4 50. Rc4 a5 51. Kg5 Ke5 52. Rc5+ Ke4 53. Rcd5 c2 54. R5d4+ Ke5 55. Rd5+ Ke6 56. Rd6+ Ke7 57. Rd7+ Kf8 58. Kf6 Rxd3 59. Rxd3 Ke8 0-1

[Event "Asia Cities-ch 19th"]
[Site "Kalutara "]
[Date "2015.07.22"]
[Round "1"]
[White "Sultan, Ibrahim"]
[Black "Sabri, Mohd Saprin"]
[Result "0-1"]
[WhiteElo "2040"]
[BlackElo "2089"]
[PlyCount "79"]
[EventDate "2015.07.22"]
[EventType "team-tourn"]
[EventRounds "9"]
[EventCountry "SRI"]
[SourceTitle "EXT 2020"]
[Source "ChessBase"]
[SourceDate "2019.10.17"]
[SourceVersion "1"]
[SourceVersionDate "2019.10.17"]
[SourceQuality "1"]
[WhiteTeam "Dubai"]
[BlackTeam "Shah Alam"]
[WhiteTeamCountry "UAE"]
[BlackTeamCountry "MAS"]

1. d4 Nf6 2. c4 c5 3. d5 b5 4. cxb5 a6 5. bxa6 g6 6. Nc3 Bxa6 7. e4 Bxf1 8. Kxf1 d6 9. g3 Bg7 10. Kg2 Nbd7 11. h3 0-0 12. Nf3 Qa5 13. Re1 Rfb8 14. e5 Nxe5 15. Nxe5 dxe5 16. Rxe5 Rb7 17. Qe2 Rd8 18. Rxe7 Rxe7 19. Qxe7 Qa8 20. Bg5 Rxd5 21. Nxd5 Qxd5+ 22. f3 Qxg5 23. Rd1 h5 24. h4 Qf5 25. Rd8+ Kh7 26. Qe2 Qb1 27. b3 Ng8 28. Re8 Qf5 29. Qe4 Qf6 30. Rd8 Nh6 31. a4 Qb2+ 32. Rd2 Qxb3 33. a5 Qa3 34. Qa8 Bd4 35. a6 Qa1 36. Qb7 Qb1 37. Kh3 Qh1+ 38. Rh2 Qf1+ 39. Rg2 Kg7 40. a7 0-1

[Event "Kuala Lumpur op 5th"]
[Site "Kuala Lumpur"]
[Date "2008.08.22"]
[Round "7"]
[White "Sabri, Mohd Saprin"]
[Black "Phadke, Sohan"]
[Result "1/2-1/2"]
[WhiteElo "2158"]
[BlackElo "2284"]
[PlyCount "37"]
[EventDate "2008.08.18"]
[EventType "swiss"]
[EventRounds "11"]
[EventCountry "MAS"]
[SourceTitle "CBM 126 Extra"]
[Source "ChessBase"]
[SourceDate "2008.11.05"]
[SourceVersion "1"]
[SourceVersionDate "2008.11.05"]
[SourceQuality "1"]

1. e4 c5 2. c3 Nf6 3. e5 Nd5 4. d4 cxd4 5. Nf3 Nc6 6. Bc4 e6 7. cxd4 d6 8. 0-0 Be7 9. Qe2 0-0 10. a3 Qb6 11. Qe4 Na5 12. Bd3 f5 13. exf6 Nxf6 14. Qh4 Nb3 15. Ra2 Nxc1 16. Rxc1 Qd8 17. Nc3 g6 18. Ne2 Bd7 19. b4 1/2-1/2

[Event "Kuala Lumpur op 5th"]
[Site "Kuala Lumpur"]
[Date "2008.08.20"]
[Round "5"]
[White "Sabri, Mohd Saprin"]
[Black "Lim, Kian Hwa"]
[Result "1-0"]
[WhiteElo "2158"]
[BlackElo "1990"]
[PlyCount "87"]
[EventDate "2008.08.18"]
[EventType "swiss"]
[EventRounds "11"]
[EventCountry "MAS"]
[SourceTitle "CBM 126 Extra"]
[Source "ChessBase"]
[SourceDate "2008.11.05"]
[SourceVersion "1"]
[SourceVersionDate "2008.11.05"]
[SourceQuality "1"]

1. e4 e5 2. Nf3 Nc6 3. Bb5 a6 4. Ba4 Nf6 5. d3 b5 6. Bb3 Be7 7. 0-0 d6 8. c3 Bg4 9. Re1 Na5 10. Bc2 c5 11. Nbd2 0-0 12. Nf1 d5 13. exd5 Nxd5 14. Rxe5 Bf6 15. Re1 Nxc3 16. bxc3 Bxc3 17. Bd2 Bxa1 18. Qxa1 Bxf3 19. gxf3 Nc6 20. Bc3 Nd4 21. Bxd4 Qxd4 22. Qxd4 cxd4 23. Re4 Rfd8 24. Ng3 g6 25. Ne2 Rac8 26. Bb3 a5 27. Re7 a4 28. Bxf7+ Kf8 29. Ra7 Ra8 30. Rxa8 Rxa8 31. Bd5 Rd8 32. Bc6 a3 33. Bxb5 g5 34. Kg2 Kg7 35. f4 g4 36. f3 gxf3+ 37. Kxf3 Kg6 38. Ke4 Rb8 39. Nxd4 Kh5 40. f5 Kg4 41. Ke5 Kh3 42. f6 Kxh2 43. f7 h5 44. Be8 1-0

[Event "Kuala Lumpur op 5th"]
[Site "Kuala Lumpur"]
[Date "2008.08.19"]
[Round "3"]
[White "Sabri, Mohd Saprin"]
[Black "Zhang, Xiaowen"]
[Result "1/2-1/2"]
[WhiteElo "2158"]
[BlackElo "2382"]
[PlyCount "50"]
[EventDate "2008.08.18"]
[EventType "swiss"]
[EventRounds "11"]
[EventCountry "MAS"]
[SourceTitle "CBM 126 Extra"]
[Source "ChessBase"]
[SourceDate "2008.11.05"]
[SourceVersion "1"]
[SourceVersionDate "2008.11.05"]
[SourceQuality "1"]

1. e4 e6 2. d3 d5 3. Nd2 Nf6 4. Ngf3 c5 5. g3 Nc6 6. Bg2 Bd6 7. 0-0 0-0 8. Nh4 Bc7 9. f4 b5 10. c3 b4 11. e5 Nd7 12. c4 Nb6 13. Kh1 f6 14. exf6 Qxf6 15. f5 Bb7 16. fxe6 Qxe6 17. Rxf8+ Rxf8 18. cxd5 Nxd5 19. Ne4 Bb6 20. Ng5 Qe5 21. Be4 Nce7 22. Bxh7+ Kh8 23. Be4 Kg8 24. Bh7+ Kh8 25. Be4 Kg8 1/2-1/2

[Event "Asia Cities-ch 11th"]
[Site "Genting Highlands"]
[Date "1998.04.13"]
[Round "7"]
[White "Othman, A Moussa"]
[Black "Sabri, Mohd Saprin"]
[Result "1-0"]
[WhiteElo "2340"]
[BlackElo "2210"]
[PlyCount "25"]
[EventDate "1998.04.09"]
[EventType "team-swiss"]
[EventRounds "9"]
[EventCountry "MAS"]
[SourceTitle "EXT 2020"]
[Source "ChessBase"]
[SourceDate "2019.10.17"]
[SourceVersion "1"]
[SourceVersionDate "2019.10.17"]
[SourceQuality "1"]
[WhiteTeam "Dubai"]
[BlackTeam "Johor Bahru"]
[WhiteTeamCountry "UAE"]
[BlackTeamCountry "MAS"]

1. d4 d5 2. c4 c6 3. Nf3 Nf6 4. e3 e6 5. Bd3 Nbd7 6. 0-0 Bd6 7. Nbd2 0-0 8. e4 dxe4 9. Nxe4 Nxe4 10. Bxe4 Nf6 11. Bc2 c5 12. Bg5 Qc7 13. Qd3 1-0

[Event "Asia Cities-ch 11th"]
[Site "Genting Highlands"]
[Date "1998.04.10"]
[Round "3"]
[White "Sabri, Mohd Saprin"]
[Black "Aryanejad, Hossein"]
[Result "0-1"]
[WhiteElo "2210"]
[BlackElo "2290"]
[PlyCount "54"]
[EventDate "1998.04.09"]
[EventType "team-swiss"]
[EventRounds "9"]
[EventCountry "MAS"]
[SourceTitle "EXT 2020"]
[Source "ChessBase"]
[SourceDate "2019.10.17"]
[SourceVersion "1"]
[SourceVersionDate "2019.10.17"]
[SourceQuality "1"]
[WhiteTeam "Johor Bahru"]
[BlackTeam "Talesh"]
[WhiteTeamCountry "MAS"]
[BlackTeamCountry "IRI"]

1. e4 e6 2. d4 d5 3. exd5 exd5 4. Bd3 Nf6 5. h3 c5 6. Qe2+ Be7 7. dxc5 0-0 8. Nf3 Bxc5 9. 0-0 Re8 10. Qd1 Nc6 11. c3 h6 12. Bf4 Ne4 13. Qc2 Qf6 14. Be3 Bxh3 15. gxh3 Qxf3 16. Bxe4 dxe4 17. Bxc5 Re5 18. Bd6 Rh5 19. Nd2 Qxh3 20. Qxe4 Rd8 21. Bg3 Rxd2 22. b3 Rg5 23. Qg2 Qh5 24. Rae1 f5 25. Qh1 Qg6 26. Qf3 Rg4 27. Kh1 Qh5+ 0-1